Dohoda o zasielaní dokladu o vyúčtovaní mzdy elektronickými prostriedkami

Elektronické zasielanie dokladu o vyúčtovaní mzdy („výplatnej pásky“) zamestnávateľom po dohode so zamestnancom. Potrebné náležitosti z legislatívneho pohľadu ochrany osobných údajov a GDPR (údaje o jednotlivých zložkách mzdy, o jednotlivých plneniach poskytovaných v súvislosti so zamestnaním, o sta...

Descrizione completa

Salvato in:
Dettagli Bibliografici
Autore principale: Macová, Marcela
Natura: Capitolo di libro
Lingua:slovacco
Soggetti:
Tags: Aggiungi Tag
Nessun Tag, puoi essere il primo ad aggiungerne!!

MARC

LEADER 00000naa a2200000 4500
001 0269161
005 20201013151737.0
041 0 |a slo 
044 |a SK 
245 1 0 |a Dohoda o zasielaní dokladu o vyúčtovaní mzdy elektronickými prostriedkami  |c Marcela Macová 
520 |a Elektronické zasielanie dokladu o vyúčtovaní mzdy („výplatnej pásky“) zamestnávateľom po dohode so zamestnancom. Potrebné náležitosti z legislatívneho pohľadu ochrany osobných údajov a GDPR (údaje o jednotlivých zložkách mzdy, o jednotlivých plneniach poskytovaných v súvislosti so zamestnaním, o stave účtu konta pracovného času, ak je zavedené konto pracovného času, o vykonaných zrážkach zo mzdy a o celkovej cene práce). 
610 2 0 |a ochrana údajov osobných 
610 2 0 |a dokumenty elektronické 
610 2 0 |a komunikácia elektronická 
610 2 0 |a účtovníctvo mzdové 
610 2 0 |a doklady účtovné 
610 2 0 |a povinnosti zamestnávateľov 
610 2 0 |a vzťahy pracovnoprávne 
610 2 0 |a zákonník práce 
100 1 |a Macová, Marcela